The altered strategic environment : (Record no. 542033)

000 -LEADER
fixed length control field 00611cam a2200181 a 4500
020 ## - INTERNATIONAL STANDARD BOOK NUMBER
International Standard Book Number 0669145769 (alk. paper)
082 0# - DEWEY DECIMAL CLASSIFICATION NUMBER
Classification number 355/.0217
Author Mark DEL
-- D
100 1# - MAIN ENTRY--PERSONAL NAME
Personal name DeLeon, Peter.
9 (RLIN) 37116
245 14 - TITLE STATEMENT
Title The altered strategic environment :
Remainder of title toward the year 2000 /
Statement of responsibility, etc. Peter deLeon.
260 ## - PUBLICATION, DISTRIBUTION, ETC.
Place of publication, distribution, etc. Lexington, Mass. :
Name of publisher, distributor, etc. Lexington Books,
Date of publication, distribution, etc. c1987.
300 ## - PHYSICAL DESCRIPTION
Extent viii, 113 p. ;
Dimensions 24 cm.
526 ## - STUDY PROGRAM INFORMATION NOTE
Program name 0
Interest level 0
Reading level 0
Title point value 355_021700000000000_DEL
650 #0 - SUBJECT ADDED ENTRY--TOPICAL TERM
Topical term or geographic name entry element Nuclear warfare.
9 (RLIN) 37117
650 #0 - SUBJECT ADDED ENTRY--TOPICAL TERM
Topical term or geographic name entry element Nuclear winter.
9 (RLIN) 37118
650 #0 - SUBJECT ADDED ENTRY--TOPICAL TERM
Topical term or geographic name entry element Strategic Defense Initiative.
9 (RLIN) 37119
650 #0 - SUBJECT ADDED ENTRY--TOPICAL TERM
Topical term or geographic name entry element Warfare, Conventional.
9 (RLIN) 37120
942 ## - ADDED ENTRY ELEMENTS (KOHA)
Source of classification or shelving scheme
Koha item type Book
Holdings
Withdrawn status Lost status Source of classification or shelving scheme Damaged status Not for loan Permanent Location Current Location Date acquired Total Checkouts Full call number Barcode Date last seen Copy number Price effective from Koha item type
          Military College of Engineering (MCE) Military College of Engineering (MCE) 09/18/2013   355/.0217 DEL MCE-44265 09/18/2013 1 09/18/2013 Book
© 2023 Central Library, National University of Sciences and Technology. All Rights Reserved.